02460nkc a2200313za 450000100060000000300040000600500170001000700070002700800410003404000240007510000460009924502140014526000200035930000950037950001440047450001490061850001280076750001390089550000660103450502630110061000480136365100610141165500320147285200420150485601500154685601500169685601500184685601500199684536OSt20260421095224.0kh boc250410s19021933sp ||||| ||||||0| i|spa d cM-RABAaM-RABAbspa aGómez Rodríguez, Enriqued(1867-1934)11a[Iglesia de San Pedro de Villanueva, Cangas de Onísb: ábsides, restos del antiguo claustro románico, fachada principal, ángulo de la capilla mayor]c/ Enrique Gómez Rodríguezh[Material gráfico] c[1902 – 1933] a4 fotografíasb: platinotipoc; imagen 16,5 x 12,5 cmc; soporte secundario 29 x 22,5 cm aConjunto de cuatro fotografías que representan diferentes partes de la iglesia de San Pedro de Villanueva, en Cangas de Onís, Asturias. aLas fotografías están montadas sobre cartón ilustrado con motivos vegetales de estilo modernista, coloreados y con aplicaciones en dorado. aIdentificación del autor esta basada en el soporte secundario, ya que pertenece a la misma serie de la signatura Fot-523. aAnotaciones manuscritas a tinta sobre el soporte secundario de cartón, indicando la localización donde fue tomada la fotografía. aFechas tomadas de los años de producción del fotógrafo. aFot-589. "S.Pedro de Villanueva. Restos del antiguo claustro románico" -- Fot-590. "S.Pedro de Villanueva. Ábside" -- Fot-591. "S.Pedro de Villanueva. Fachada principal" -- Fot-592. "S.Pedro de Villanueva. (Cangas de Onis). Ángulo de la capilla mayor"27aIglesia de San Pedro (Villanueva, España) 7aAsturias (Comunidad Autónoma)2embnezCangas de Onís 0aFotografías de monumentos jFot-589 ; Fot-590 ; Fot-591 ; Fot-592 3Fot-589uhttps://archivoybiblioteca.realacademiabellasartessanfernando.com/cgi-bin/koha/opac-retrieve-file.pl?id=0bee1ae23af18ccf7f61eafe0ccf3909 3Fot-590uhttps://archivoybiblioteca.realacademiabellasartessanfernando.com/cgi-bin/koha/opac-retrieve-file.pl?id=0cb5d0c2f051473b02e3dc5d5cf89996 3Fot-591uhttps://archivoybiblioteca.realacademiabellasartessanfernando.com/cgi-bin/koha/opac-retrieve-file.pl?id=82ea16e2f8e1f968e898b7581cbcdfd4 3Fot-592uhttps://archivoybiblioteca.realacademiabellasartessanfernando.com/cgi-bin/koha/opac-retrieve-file.pl?id=4b48d5063184db256217d60f141acb26